00527nam a22001815a 450000500170000000800410001701000140005802000240007203500130009603700130010904000080012210000160013024500690014625000060021526000470022127000530026830000240032120080522115808.0080520s2008 nyu 000 0 eng  aENG-95814 a8121405955c3000.00 aEN-79347 aDBAD/PUB aDPL aRahi, Onkar aThe Devi shakta cult :cby Onkar Rahibpahari miniature painting a. aNew DelhibNational Publishing Housec2008 a2/35, Ansari Road, Darya GanjbNew Delhie110002 axi,178pb29cm, (Hb)